000 00719nam a22001817a 4500
003 NUST
040 _a0
082 _a621.382,ASI
100 _aAhmad, Talha
_9118241
245 _aSpeaker Segmentation Transcription (SST) /
_cGC Talha Ahmad, GC Shuban Asif, GC Muhammad Talha. (TCC-31 / BETE-56)
264 _aRawalpindi
_bMCS (NUST)
_c2023
300 _a49 p.;
505 _aIntroduction (Page-10), Literature Review (Page-16), Speaker Segmentation Methodology (Page-21), Software Requirement Engineering (Page-35), Analysis (Page-43), Conclusion (Page-45).
650 _aUG EE Project
_9118090
690 _aTCC-31 / BETE-56
_9118237
700 _aSupervised by Dr. Shibli Nisar
_9132579
942 _2ddc
_cPR
999 _c603258
_d603258